000 00309nam a22001337a 4500
008 170817b xxu||||| |||| 00| 0 eng d
020 _a0131118986
041 _aeng
080 _23RD
_a51
100 _a36
101 _aMAT
245 _aBRIEF CALCULUS AND ITS APPLICATIONS
_cGOLDSTEIN,L.J
942 _2udc
_cBK
999 _c23929
_d23929